000 00508 a2200205 4500
005 20260406123650.0
008 260406b |||||||| |||| 00| 0 eng d
020 _a9789352833962
_cRs. 995.00
040 _aMAIN
082 _a620.1
_bK529T(22)
100 _aKhurmi, R S
245 _aTextbook of engineering mechanics
250 _a22nd
260 _bS Chand
_c2025
_aNoida
300 _axxi, 755
650 _aEngineering
650 _aEngineering Mechanics
700 _aKhurmi, N
942 _cBK
999 _c397103
_d397103